| 000 | 00454ntaaa2200181 4500 | ||
|---|---|---|---|
| 003 | 01 | ||
| 005 | 20251027202727.0 | ||
| 008 | 0714s1973 ag 01 | ||
| 040 |
_aAR-BaBN _bspa _cAR-BaBN _eaacr _dRIC |
||
| 082 | _a649.0000 En7 | ||
| 100 |
_aEnseñat, Juan Bautista _927161 |
||
| 245 | _aEl libro de la familia | ||
| 250 | _a1 ed. | ||
| 260 |
_aBarcelona : _bMontaner y Simón, editores, _cc1915 |
||
| 300 | _a291 p | ||
| 650 | _aeducación | ||
| 942 | _cBK | ||
| 999 |
_c22505 _d22505 |
||